000 00633nam a2200181Ia 4500
008 090124s9999 xx 000 0 und d
082 _b30880
100 _aपाटणकर ग. शि.
245 _a व्यथा परित्यक्तांच्या
250 _a1
260 _bनीहारा प्रकाशन
_c1992
300 _a119
600 _aपाटणकर ग. शि.
630 _a व्यथा परित्यक्तांच्या
700 _aपाटणकर ग. शि.
730 _a व्यथा परित्यक्तांच्या
942 _cBOOK
999 _c97006
_d97006